ARRUPE JESUIT UNIVERSITY

CORONAVIRUS -STOP THE SPREAD - CLEAN,DISINFECT,COVER

The life and times of Henry VIII / (Record no. 130249)

MARC details
000 -LEADER
fixed length control field 01060cam a2200289 a 4500
001 - CONTROL NUMBER
control field 4457286
003 - CONTROL NUMBER IDENTIFIER
control field ARRUPE
005 - DATE AND TIME OF LATEST TRANSACTION
control field 20200131114841.0
008 - FIXED-LENGTH DATA ELEMENTS--GENERAL INFORMATION
fixed length control field 950306s1972 enka b 001 0beng
010 ## - LIBRARY OF CONGRESS CONTROL NUMBER
LC control number 95123033
020 ## - INTERNATIONAL STANDARD BOOK NUMBER
International Standard Book Number 0297831631
040 ## - CATALOGING SOURCE
Original cataloging agency DLC
Transcribing agency DLC
Modifying agency DLC
043 ## - GEOGRAPHIC AREA CODE
Geographic area code e-uk---
050 00 - LIBRARY OF CONGRESS CALL NUMBER
Classification number DA332
Item number .L3 1992
082 00 - DEWEY DECIMAL CLASSIFICATION NUMBER
Classification number 942.05/2/092
-- B
Edition number 21
300 ## - PHYSICAL DESCRIPTION
Other physical details ill. (some col.) ;
Dimensions 25 cm.
100 1# - MAIN ENTRY--PERSONAL NAME
Personal name Lacey, Robert.
9 (RLIN) 49243
245 14 - TITLE STATEMENT
Title The life and times of Henry VIII /
Statement of responsibility, etc Robert Lacey ; introduction by Antonia Fraser.
260 ## - PUBLICATION, DISTRIBUTION, ETC. (IMPRINT)
Place of publication, distribution, etc London :
Name of publisher, distributor, etc Weidenfeld and Nicholson,
Date of publication, distribution, etc c1972
300 ## - PHYSICAL DESCRIPTION
Extent 224 p. :
504 ## - BIBLIOGRAPHY, ETC. NOTE
Bibliography, etc Includes bibliographical references (p. 220-221) and index.
600 00 - SUBJECT ADDED ENTRY--PERSONAL NAME
Personal name Henry
Numeration VIII,
Titles and other words associated with a name King of England,
Dates associated with a name 1491-1547.
9 (RLIN) 49244
651 #0 - SUBJECT ADDED ENTRY--GEOGRAPHIC NAME
Geographic name Great Britain
General subdivision History
Chronological subdivision Henry VIII, 1509-1547.
9 (RLIN) 49245
651 #0 - SUBJECT ADDED ENTRY--GEOGRAPHIC NAME
Geographic name Great Britain
General subdivision Kings and rulers
-- Biography.
9 (RLIN) 6218
906 ## - LOCAL DATA ELEMENT F, LDF (RLIN)
a 7
b cbc
c orignew
d 3
e ncip
f 19
g y-gencatlg
942 ## - ADDED ENTRY ELEMENTS (KOHA)
Source of classification or shelving scheme Library of Congress Classification
Koha item type Monograph ( Printed materials)
Holdings
Withdrawn status Lost status Source of classification or shelving scheme Damaged status Not for loan Collection code Home library Current library Shelving location Date acquired Total Checkouts Full call number Barcode Date last seen Price effective from Koha item type
    Library of Congress Classification     Main Collection ARRUPE LIBRARY ARRUPE LIBRARY Main Collection 31/01/2020   DA332 .L3 1992 46600006615 31/01/2020 31/01/2020 Monograph ( Printed materials)

 

Arrupe Library. PO Box MP320 Mt Pleasant, Harare, Zimbabwe
263 242 745411|librarian@aju.ac.zw